Industri perkhidmatan 1990-an : Komunikasi perdagangan dan pelancongan :

Bibliographic Details
Corporate Author: SEMINAR Kebangsaan Industri Perkhidmatan dalam Tahun 1990-an
Other Authors: Redzuan Othman, Tan
Format: Book
Published: Bangi, Selangor : Penerbit UKM , 1993
Series:Kumpulan kertas kerja 23, UKM
Subjects:

MARC

LEADER 00000cam a2200000 7i4500
001 0000001421
005 20010622.0
020 0 0 |a 9679422623 
090 0 0 |a 338.409595   |b SEM 1993 
110 1 0 |a SEMINAR Kebangsaan Industri Perkhidmatan dalam Tahun 1990-an   |k 1990 
245 1 0 |a Industri perkhidmatan 1990-an :   |b Komunikasi perdagangan dan pelancongan :   |b Seminar Kebangsaan Industri Perkhidmatan dalam Tahun 1990-an, 28-29 Julai 1990   |c disunting oleh Redzuan Othman, Tan Lee Peng 
260 0 0 |a Bangi, Selangor :   |b Penerbit UKM ,   |c 1993 
300 |a 133 p. :   |b ill. ;   |c 25 cm. 
440 0 0 |a Kumpulan kertas kerja 23, UKM 
650 0 0 |a Financial services industry   |z Malaysia   |x Congresses 
650 0 0 |a Information technology   |z Malaysia   |x Congresses 
650 0 0 |a Service industries   |z Malaysia   |x Congresses 
650 0 0 |a Tourist trade   |z Malaysia   |x Congresses 
650 0 0 |a Transportation   |z Malaysia   |x Congresses 
700 0 1 |a Redzuan Othman 
700 0 1 |a Tan   |h Lee Peng 
998 |a JPSM 
999 |a 0000002493   |b Monograph   |c Open Shelf   |e Default branch